| 000 | 00790nas a2200253 4500 | ||
|---|---|---|---|
| 001 | BR9209611 | ||
| 003 | BR-BrBNA | ||
| 005 | 20231205093313.0 | ||
| 007 | ta | ||
| 008 | 230509b bl.|||p| |||| 00| 00por d | ||
| 040 |
_aBR-BrBNA _bpor _cBiblioteca Nacional de Agricultura |
||
| 041 | _a(Pt) | ||
| 072 | _aH20 | ||
| 100 | 1 | _aLima, M.L.R.Z. da C. | |
| 100 | 1 | _aLima Neto, V. da C. | |
| 100 | 1 | _aSouza, V.B.V. de | |
| 245 | 1 | _aOcorrencia do virus do vira-cabeca em cultivares de abobrinha no municipio de Colombo, Parana | |
| 650 | _aABOBORA | ||
| 650 | _aVIRA-CABECA | ||
| 650 | _aPARANÁ | ||
| 773 | 0 |
_tRevista do Setor de Ciencias Agrarias (Brazil) _xISSN 0100-607X _g(1988), v. 10(1-2) p. 171-173 _wBR9209611 |
|
| 909 |
_a202311 _bLúcia _c55 _dLúcia Elande |
||
| 942 |
_2AGRIS _n0 _cANA |
||
| 999 |
_c137403 _d137403 |
||